000 00506nam a22001817a 4500
003 CEME
005 20210628202107.0
008 210120b xxu||||| |||| 00| 0 eng d
020 _a0-471-35461-9
040 _c.
082 _a629.23 WON
100 _aWong, J.Y
_944372
245 _aTheory of ground vehicles
260 _aNEW YORK
_bJOHN WILEY
_c2001
300 _aXXXII,528P
650 _aMOTOR VEHICLES-DESIGN AND CONSTRUCTION MOTOR VEHICLES-DYNAMICS AUTOMOTIVE VEHICLES
_958252
942 _cBK
_2ddc
999 _c568448
_d568448